La Economía política de la política social argentina: una mirada desde la desregulación y la descentralización /
Guardado en:
| Autor principal: | |
|---|---|
| Otros Autores: | |
| Formato: | Texto |
| Etiquetas: |
Agregar Etiqueta
Sin Etiquetas, Sea el primero en etiquetar este registro!
|
MARC
| LEADER | 00000 a a2200000 04500 | ||
|---|---|---|---|
| 001 | 47985 | ||
| 003 | |||
| 040 | |||
| 090 | |a REV1291 (97) 2004 | ||
| 100 | |a Repetto, Fabián. Alonso, Guillermo. | ||
| 245 | |a La Economía política de la política social argentina: |b una mirada desde la desregulación y la descentralización / |c Fabián Repetto, Guillermo Alonso | ||
| 500 | |a Incluye 52 notas y referencias bibliográficas Política y políticas públicas en los procesos de reforma en América Latina y el Caribe: similitudes y diversidades | ||
| 700 | |a Alonso, Guillermo. | ||
| 773 | |g número97, (2004), página53 | ||
| 999 | |c 28916 |d 28916 | ||
